| 000 | 00459cam a22002052a 4500 | ||
|---|---|---|---|
| 001 | 000125 | ||
| 003 | AR-FADEU | ||
| 008 | 311216n########xxu####################dd | ||
| 245 | _aLongman proficiency skills | ||
| 300 | _a2 | ||
| 300 | _fcassettes | ||
| 300 | _g90 min. | ||
| 300 | _bTrack 1/2 | ||
| 260 | _aLondon | ||
| 260 | _bLongman | ||
| 546 | _aInglés | ||
| 500 | _aCassette 1 | ||
| 650 | _aLENGUA INGLESA-ESTUDIO Y ENSEÑANZA | ||
| 942 | _cAUDIO | ||
| 999 |
_c137 _d137 |
||